00983nam a2200277 a 450000100060000000300080000600500170001400800410003103500190007203500190009104000360011004100080014608200240015410000290017824500940020726000440030130000330034550000280037850000200040650400800042665000220050665000230052894200120055199900170056395201250058043362BD-RjUL20211209053704.0160621s1946 enkaefd b 001 0 eng  a(BD-RjUL)43480 a(OCoLC)2737319 aDLCcFTaSUdFTaSUdBD-RjULbeng aeng a371.3223bGLN 19461 aGlover, A. H. T.913318710aNew teaching for a new agec[by] A. H. T. Glover, with a foreword by Dr. W. P. Alexander. aLondon :aNew York :bT. Nelson,c1946. aix, 188 p. :bill. ;c21 cm. a"First published 1946." aIncludes index. a"Books of reference used in the production of the history chart": p. 86-93. 0aTeaching.9133188 0aEducation.9133189 2ddccBK c43362d43362 00102ddc40708NFICaRUCLbRUCLcStackd1974-03-27eN.B.Cl0o371.3 GLN 1946r2016-06-21 00:00:00tC-2w2021-12-09yBK